00418as aa2200121a 4450000500170000000800410001704000250005804100080008324500460009126001050013730000090024285600450025120180321141812.0180321b ck ||||| |||| 00| 0 spa d aCO-BoIAVHcCO-BoIAVH0 aspa10aBoletín Especies Amenazadas de Colombia aVilla de Leyva:bInstituto de Investigación de Recursos Biológicos Alexander von Humboldtc1999. a4 p. uhttp://hdl.handle.net/20.500.11761/34276